000 00360 a2200157 4500
001 69588
020 _a8598457299
040 _cAnchieta - Itaigara
100 _aFine, Anne
240 1 0 _aDiário de um gato assassino
_lpor
245 1 0 _aDiário de um gato assassino
300 _a63
362 0 _a2004
650 4 _aLiteratura infanto-juvenil
942 _cBK
999 _c69588
_d69588